Del sentimiento trágico de la vida: en los hombres y en los pueblos
Gorde:
| Egile nagusia: | |
|---|---|
| Formatua: | Liburua |
| Hizkuntza: | gaztelania |
| Argitaratua: |
Madrid
Espasa Calpe
1976
|
| Saila: | Colección Ensayo, 13
|
| Gaiak: | |
| Etiketak: |
Etiketa erantsi
Etiketarik gabe, Izan zaitez lehena erregistro honi etiketa jartzen!
|
MARC
| LEADER | 00000nam a2200000 a 4500 | ||
|---|---|---|---|
| 001 | UCX5914 | ||
| 003 | CL-VaPUC | ||
| 008 | 930309e19760000SP |||||||||||||||||spa|d | ||
| 082 | 0 | 4 | |a 864 |b UNA |2 21 |
| 100 | 0 | |a Unamuno, Miguel de |e author |9 312478 | |
| 245 | 1 | 0 | |a Del sentimiento trágico de la vida: en los hombres y en los pueblos |
| 300 | |a 271 p | ||
| 942 | |c BK | ||
| 945 | |d 19930309 00:00:00 | ||
| 260 | |a Madrid |b Espasa Calpe |c 1976 | ||
| 650 | 7 | |a INMORTALIDAD |2 CL-VaPUC |9 320467 | |
| 650 | 0 | |a Filosofía de la religión |9 256017 | |
| 650 | 0 | |a Pesimismo |9 322258 | |
| 583 | |a last modification |c 20170530 05:24:38 |k Rodrigo Vera | ||
| 490 | 0 | |a Colección Ensayo, 13 | |
| 999 | |c 226035 |d 226033 | ||
| 952 | |0 0 |1 0 |4 0 |6 864_000000000000000_UNA_1976 |7 0 |8 R |9 224061 |a BIBEDU |b BIBEDU |c MCIRC |d 2019-11-15 |i 2929104 |o 864 UNA 1976 |p 2929104 |r 2023-01-13 |w 2019-11-15 |y BK_R |k LIT | ||